01522nam a2200325 i 450000500170000000700030001700800410002002000150006104000350007604100080011104300120011908400110013110000330014224501010017525000220027626400490029830000470034733600270039433700330042133800280045449000450048252003820052752100440090958600390095365000520099265000520104465000360109670000370113270000270116920220316235241.0ta200421s1999 mx a gr 000 j spa d a9681645723 aCO-BoRNBPbspaerdacCO-BoRNBP0 aspa as-ag--- aC DRE11 aDreser, Elenad1946-eautora10aManuela color canelacElena Dreser ; ilustraciones de Marisol Fernández ; editor Daniel Goldin aPrimera edición 1aMéxicobFondo de Cultura Económicac1999 a27 páginasbilustraciones a colorc23 cm atextobtxt2rdacontent asin mediaciónbn2rdamedia avolumenbnc2rdacarrier0 aLos especiales de a la orilla del viento3 aManuela tiene la piel color abeja, color ardilla, color alondra. Todos los días toma y toma sol, porque le gusta verse color caramelo, color cacao, color canela Alguien le dijo que los rayos del Sol vuelven a las Manuelas color dorado, color dulce, color dátil. Y como ella lo que más desea es lucir color chinchilla, color chocolate, color chirimía, toma y toma sol " aRecomendado para niños a partir de 4  aPremio A la orilla del viento 199317aCuentos infantiles argentinosySiglo XX2ARMARC17aLiteratura infantil argentinaySiglo XX2ARMARC17aAfroamericanosvCuentos2ARMARC1 aFernández, Marisoleilustrador1 aGoldin, Danieleeditor